000 00577nam a2200217Ia 4500
003 OSt
005 20220924153548.0
006 a|||||r|||| 00| 0
007 ta
008 220923b |||||||| |||| 00| 0 mar d
024 _a350729
037 _cTextual
040 _aARTS
_cARTS
_bmar
041 _2mar
_amar
082 _aO155, N9
100 _aSavarkar Subhash Au.
_9229198
245 0 _aLokmaharshi Mausaheb dr. Punjabrav Deshmukh Gaurav granth
260 _c1999
942 _hO155, N9
_cTEXL
_2CC
999 _c474039
_d474039